Most Popular Video Games From 1972 to 2025 - Statistics

General Stats
  • This quiz has been taken 102 times
  • The average score is 12 of 44
Answer Stats
Hint Answer % Correct
1985 Super Mario Bros
90%
1986 Super Mario Bros
90%
2006 Super Mario Bros
90%
2001 GTA 3
68%
2012 GTA 5
68%
2013 GTA 5
68%
1984 Tetris
58%
1989 Tetris
58%
1983 Ms. Pac Man
51%
1980 Pac Man
51%
1982 Pac Man
51%
1987 The Legend of Zelda
48%
1972 Pong
44%
1973 Pong
44%
2018 Red Dead Redemption 2
29%
2007 Wii Sports
28%
2008 Wii Sports
28%
2009 Wii Sports
28%
1978 Space Invaders
20%
1979 Space Invaders
20%
1981 Space Invaders
20%
2010 Call of Duty Black Ops
16%
2024 Call of Duty Black OPS 6
16%
2019 Call Of Duty Modern Warfare
15%
2011 Call Of Duty Modern Warfare 2
15%
2022 Call of Duty Modern Warfare 2
15%
2016 Uncharted 4
11%
2015 The Witcher 3
10%
2002 GTA Vice City
9%
2005 Gran Turismo 4
8%
2020 Animal Crossing
5%
2017 Call of Duty WW2
5%
1988 Super Mario Bros 3
5%
2021 Call of Duty Vangaurd
3%
2023 Hogwarts Legacy
3%
2025 Monster Hunters
3%
2000 Pokémon Gold/Silver
3%
1976 Sea Wolf
3%
1977 Sea wolf
3%
2014 Titanfall
3%
2004 Dragon Quest 8
1%
1975 Dungun's and Dragons
1%
2003 Pokémon Ruby/Saphire
1%
1974 Tank
1%
No matching quizzes found
Score Distribution
Percent of People with Each Score
Percentile by Number Answered
Your Score History
You have not taken this quiz